<?xml version="1.0" encoding="UTF-8"?>
<record
    xmlns:xsi="http://www.w3.org/2001/XMLSchema-instance"
    xsi:schemaLocation="http://www.loc.gov/MARC21/slim http://www.loc.gov/standards/marcxml/schema/MARC21slim.xsd"
    xmlns="http://www.loc.gov/MARC21/slim">

  <leader>00990nam a2200253 a 4500</leader>
  <controlfield tag="001">78236</controlfield>
  <controlfield tag="003">BD-RjUL</controlfield>
  <controlfield tag="005">20211209083116.0</controlfield>
  <controlfield tag="008">210824s1987    bg ||||| |||| 00| 0 ben d</controlfield>
  <datafield tag="035" ind1=" " ind2=" ">
    <subfield code="a">(BD-RjUL)78462</subfield>
  </datafield>
  <datafield tag="040" ind1=" " ind2=" ">
    <subfield code="a">BD-RjUL</subfield>
    <subfield code="b">ben</subfield>
    <subfield code="c">BD-RjUL</subfield>
  </datafield>
  <datafield tag="041" ind1=" " ind2=" ">
    <subfield code="a">ben</subfield>
  </datafield>
  <datafield tag="082" ind1=" " ind2=" ">
    <subfield code="2">23</subfield>
    <subfield code="a">657</subfield>
    <subfield code="b">UDB 1987</subfield>
  </datafield>
  <datafield tag="100" ind1=" " ind2=" ">
    <subfield code="a">&#x989;&#x9A6;&#x9CD;&#x9A6;&#x9BF;&#x9A8;, &#x9AE;&#x9CB;&#x9B9;&#x9BE;&#x9AE;&#x9CD;&#x9AE;&#x9A6; &#x9B9;&#x9BE;&#x9AB;&#x9BF;&#x99C; </subfield>
    <subfield code="9">247143</subfield>
  </datafield>
  <datafield tag="245" ind1="1" ind2="0">
    <subfield code="a">&#x9AC;&#x9C1;&#x995;-&#x995;&#x9BF;&#x9AA;&#x9BF;&#x982; &#x98F;&#x9A3;&#x9CD;&#x9A1; &#x98F;&#x995;&#x9BE;&#x989;&#x9A8;&#x99F;&#x9CD;&#x9AF;&#x9BE;&#x9A8;&#x9B8;&#x9BF; /</subfield>
    <subfield code="c">&#x9AE;&#x9CB;&#x9B9;&#x9BE;&#x9AE;&#x9CD;&#x9AE;&#x9A6; &#x9B9;&#x9BE;&#x9AB;&#x9BF;&#x99C; &#x989;&#x9A6;&#x9CD;&#x9A6;&#x9BF;&#x9A8;</subfield>
  </datafield>
  <datafield tag="260" ind1=" " ind2=" ">
    <subfield code="a">&#x9A2;&#x9BE;&#x995;&#x9BE; :</subfield>
    <subfield code="b">&#x9B9;&#x9BE;&#x9B8;&#x9BE;&#x9A8; &#x9AC;&#x9C1;&#x995; &#x9B9;&#x9BE;&#x989;&#x9B8;,</subfield>
    <subfield code="c">&#x9E7;&#x9EF;&#x9EE;&#x9ED;</subfield>
  </datafield>
  <datafield tag="300" ind1=" " ind2=" ">
    <subfield code="a">&#x9E9;&#x9ED;&#x9EC;,&#x9EF;&#x9EA; &#x9AA;&#x9C3;.:</subfield>
    <subfield code="b">&#x99A;&#x9BF;&#x9A4;&#x9CD;&#x9B0;&#x9B8;&#x9AE;&#x9C2;&#x9B9;;</subfield>
    <subfield code="c">&#x9E8;&#x9EA; &#x9B8;&#x9C7;&#x9AE;&#x9BF;.</subfield>
  </datafield>
  <datafield tag="505" ind1="0" ind2="1">
    <subfield code="a">&#x996;&#x9A3;&#x9CD;&#x9A1;. &#x9E7;&#x9AE; --</subfield>
  </datafield>
  <datafield tag="650" ind1=" " ind2=" ">
    <subfield code="a">&#x9B9;&#x9BF;&#x9B8;&#x9BE;&#x9AC; (&#x985;&#x9CD;&#x9AF;&#x9BE;&#x995;&#x9BE;&#x989;&#x9A8;&#x9CD;&#x99F;&#x9BF;&#x982; )</subfield>
    <subfield code="9">247139</subfield>
  </datafield>
  <datafield tag="650" ind1=" " ind2=" ">
    <subfield code="a">Accounting</subfield>
    <subfield code="9">247140</subfield>
  </datafield>
  <datafield tag="650" ind1=" " ind2=" ">
    <subfield code="a">&#x9B9;&#x9BF;&#x9B8;&#x9BE;&#x9AC;&#x9B0;&#x995;&#x9CD;&#x9B7;&#x9A3; </subfield>
    <subfield code="9">247141</subfield>
  </datafield>
  <datafield tag="650" ind1=" " ind2=" ">
    <subfield code="a">Bookkeeping</subfield>
    <subfield code="9">247142</subfield>
  </datafield>
  <datafield tag="942" ind1=" " ind2=" ">
    <subfield code="2">ddc</subfield>
    <subfield code="c">BK</subfield>
  </datafield>
  <datafield tag="999" ind1=" " ind2=" ">
    <subfield code="c">78236</subfield>
    <subfield code="d">78236</subfield>
  </datafield>
  <datafield tag="952" ind1=" " ind2=" ">
    <subfield code="0">0</subfield>
    <subfield code="1">0</subfield>
    <subfield code="2">ddc</subfield>
    <subfield code="4">0</subfield>
    <subfield code="7">1</subfield>
    <subfield code="8">NFIC</subfield>
    <subfield code="a">RUCL</subfield>
    <subfield code="b">RUCL</subfield>
    <subfield code="c">Reading</subfield>
    <subfield code="d">1999-08-21</subfield>
    <subfield code="e">Token R.U.C.L</subfield>
    <subfield code="g">155.00</subfield>
    <subfield code="l">0</subfield>
    <subfield code="o">B 657 UDB 1987</subfield>
    <subfield code="r">2021-08-24 00:00:00</subfield>
    <subfield code="t">C-1</subfield>
    <subfield code="w">2021-08-24</subfield>
    <subfield code="y">BK</subfield>
  </datafield>
</record>
